Mercurius Cœlicus, his prognostication for the year of our Lord God 1663 : being the third after bissextile or leap-year : wherein is contained a description of the eclipses, the exact day, hour, and minute of the new moons, her full and quarters, the daily disposition of the weather : with the (whole known) fairs in Scotland, a table shewing the age of the moon every day : as also the hour and minut [as printed] of full sea at Leith, and exact time of the suns rising every fifth day /

Bibliographic Details
Main Author: Corss, James
Format: Microform Book
Language:English
Series:Early English books, 1641-1700 ; 1494:11.
Subjects:

MARC

Tag First Indicator Second Indicator Subfields
LEADER 00000cam a2200000 a 4500
001 in00000894621
005 20150923132559.0
007 hd afa013baca
007 hd bfa013baaa
008 850716s1663 miu a 00010 eng d
035 |a (OCoLC)12268913 
035 |9 AEL1837AM 
037 |a CL0037000053  |b University Microfilms International 
037 |b University Microfilms International, 300 N. Zeeb Rd., Ann Arbor, MI 48106 
040 |a EAI  |c EAI  |d UtOrBLW 
043 |a e-uk-en 
045 0 |b d 1663 
049 |a TXAI 
090 |a AY751  |b .C67 
099 |a film   |a  B   |a  3609 
100 1 |a Corss, James. 
245 1 0 |a Mercurius Cœlicus, his prognostication for the year of our Lord God 1663 :  |b being the third after bissextile or leap-year : wherein is contained a description of the eclipses, the exact day, hour, and minute of the new moons, her full and quarters, the daily disposition of the weather : with the (whole known) fairs in Scotland, a table shewing the age of the moon every day : as also the hour and minut [as printed] of full sea at Leith, and exact time of the suns rising every fifth day /  |c exactly calculated for the latitude of 56 f. 20 m. by James Corss ... 
264 3 |a Edinburgh :  |b Printed by a society of Stationers,  |c 1663. 
300 |a 16 unnumbered pages 
336 |a text  |b txt  |2 rdacontent 
337 |a microform  |b h  |2 rdamedia 
338 |a microfilm reel  |b hd  |2 rdacarrier 
500 |a Reproduction of original in the British Library. 
510 4 |a Wing  |c A1471. 
533 |a Microfilm.  |b Ann Arbor, Mich. :  |c University Microfilms International,  |d 1984.  |e 1 microfilm reel ; 35 mm.  |f (Early English books, 1641-1700 ; 1494:11) 
500 |a Microform. 
650 0 |a Almanacs, English. 
650 0 |a Ephemerides. 
650 0 |a Astrology  |v Early works to 1800. 
740 0 |a Mercurius Coelicus, his prognostication for the year of our Lord God 1663. 
830 0 |a Early English books, 1641-1700 ;  |v 1494:11. 
999 |a MARS 
999 f f |s f1d388e6-3846-3fdb-b9b2-2ffe98e7811d  |i 1136b9fe-3429-3363-aa83-41a05df5a29d  |t 0 
952 f f |p default  |a Texas A&M University  |b College Station  |c Sterling C. Evans Library  |d Evans: Microforms (3rd floor)  |t 0  |e film B 3609 1494:11  |h Other scheme  |i microform -- microfilm reel 
998 f f |a film B 3609 1494:11  |t 0  |l Evans: Microforms (3rd floor)